00593nam a22001697a 450000500170000000800410001702000180005804000170007605000170009308200110011010000300012124500950015126001080024630000230035456300100037765000360038720260128142455.0260128b |||||||| |||| 00| 0 eng d a9789789040189 aNLNbEnglish aBS2826b.O52 a228.07 aOLUMUYIWA, Oluwasinaeaut aGods agenda for the end time : bthe book of revelation explained /cOluwwasina, Olumuyiwa aIkorodu, Lagos State (4, Idowu Fatuga Street P. O. Box 3361) :bChristline Educational Services,c2010 axii, 196p.b; 20cm a(pbk) aBible. RevelationvCommentaries